000 00710nam a2200265 a 4500
001 19211
003 BD-RjUL
005 20211209000412.0
008 190213s1985 ii af b i000 0 eng d
020 _a8120400429
035 _aBD-RjUL)19269
040 _aDLC
_cDLC
_beng
_dBD-RjUL
041 _aeng
082 0 _a633.54
_223
_bRAH 1985
100 1 _aRanjan, T. C
_944200
245 1 0 _aHandbook on jute /
_cby T. C Ranjan,
250 _a2nd ed.
260 _aNew Delhi :
_bOxford & IBH Publishing Co,
_c1985
300 _a v.:
_bill.;
_c22 cm.
504 _aIncludes bibliographical references.
650 0 _aJute plant.
_944201
942 _2ddc
_cBK
999 _c19211
_d19211